Statistics for Danish Prime Ministers

Click here to take the quiz!

General Stats

  • This quiz has been taken 19 times
  • The average score is 17 of 52

Answer Stats

HintAnswer% Correct
2019-Mette Frederiksen
100%
1982-1993Poul Schlüter
100%
2011-2015Helle Thorning-Schmidt
100%
2009-2011 | 2015-2019Lars Løkke Rasmussen
100%
2001-2009Anders Fogh Rasmussen
100%
1972-1973 | 1975-1982Anker Jørgensen
75%
1924-1926 | 1929-1942Thorvald Stauning
75%
1993-2001Poul Nyrup Rasmussen
75%
1962-1968 | 1971-1972Jens Otto Krag
50%
1973-1975Poul Hartling
25%
1968-1971Hilmar Baunsgaard
25%
1920Michael Petersen Friis
25%
1960-1962Viggo Kampmann
25%
1955-1950Hans Christian Svane Hansen
25%
1950-1953Erik Eriksen
25%
1947-1950 | 1953-1955Hans Hedtoft
25%
1945-1947Knud Kristensen
25%
1942-1945Erik Scavenius
25%
1942 | 1945Vilhelm Buhl
25%
1926-1929Thomas Madsen-Mygdal
25%
1848-1852Adam Wilhelm Moltke
25%
1875-1894Jacob Brønnum Scavenius Estrup
25%
1870-1874Ludvig Holstein-Holsteinborg
25%
1853-1854Anders Sandøe Ørsted
25%
1909Ludvig Holstein-Ledreborg
25%
1905-1908Jens Christian Christensen
25%
1857-1859 | 1860-1863Carl Christian Hall
25%
1863-1864Ditlev Gothard Monrad
25%
1865-1870Christian Emil Krag-Juel-Vind-Frijs
25%
1854-1856Peter Georg Bang
0%
1856-1857Carl Christopher Georg Andræ
0%
1859Carl Eduard Rotwitt
0%
1852-1853 | 1864-1865Christian Albrecht Bluhme
0%
1874-1875Christen Andreas Fonnesbech
0%
1910-1913Klaus Berntsen
0%
1894-1897Tage Reedtz-Thott
0%
1897-1900Hugo Egmont Hørring
0%
1900-1901Hannibal Sehested
0%
1901-1905Johan Henrik Deuntzer
0%
1908-1909 | 1920-1924Niels Neergaard
0%
1909-1910 | 1913-1920Carl Theodor Zahle
0%
1920Otto Liebe
0%

Score Distribution

Percentile by Number Answered

Percent of People with Each Score

Your Score History

You have not taken this quiz